| 000 | 00506nam a22001457a 4500 | ||
|---|---|---|---|
| 999 |
_c532719 _d532719 |
||
| 020 | _qHard Cover. | ||
| 082 | _a658 | ||
| 100 | _aSuleman, Qurat ul Ain | ||
| 245 |
_aAnalysis of High Incidents of stress Among Supply Chain Managers: _bAn Exploratory Study into the Causes and Solutions / _cQurat ul Ain Suleman. |
||
| 260 |
_aIslamabad: _bNBS - NUST, _c2014. |
||
| 300 |
_a32 p. : il. ; _c30cm. |
||
| 942 |
_2ddc _cTHE |
||
| 650 |
_aMBA-Thesis. _917629 |
||